Abelian varieties : proceedings of the international conference held in Egloffstein, Germany, October 3-8, 1993 /

Guardado en:
Otros Autores: Barth, Wolf. (Editor ), Hulek, Klaus. (Editor ), Lange, H. 1943- (Editor )
Formato: Libro
Idioma:English
Publicado: Berlin ; New York : W. de Gruyter, 1995.
Materias:
Etiquetas: Agregar Etiqueta
Sin Etiquetas, Sea el primero en etiquetar este registro!
LEADER 02435pam a2200241 a 4500
001 MAT.inmabb006579
008 941229s1995####gw############100#0#eng##
005 20120731165831.0
245 0 0 |a Abelian varieties :  |b proceedings of the international conference held in Egloffstein, Germany, October 3-8, 1993 /  |c edited by Wolf Barth, Klaus Hulek, Herbert Lange. 
260 |a Berlin ;  |a New York :  |b W. de Gruyter,  |c 1995. 
300 |a viii, 344 p. ;  |c 25 cm. 
504 |a Incluye referencias bibliográficas. 
505 0 |a W. Barth [Wolf Paul Barth], Quadratic equations for level-3 abelian surfaces -- Th. Bauer and T. Szemberg, Abelian threefolds in (P2)3 -- Hans-Jürgen Brasch, Branch points in moduli spaces of certain abelian surfaces -- Fabrizio Catanese, Compact complex manifolds bimeromorphic to tori -- Valeri Gritsenko [V. A. Gritsenko], Irrationality of the moduli spaces of polarized abelian surfaces -- L. Haine and E. Horozov [E. I. Khorozov], Tau-functions and modules over the Virasoro algebra -- C. F. Hermann, Some modular varieties related to P4 -- C. F. Hermann, New relations between the Fourier coefficients of modular forms of Nebentypus with applications to quaternary quadratic forms -- K. Hulek and G. K. Sankaran, The fundamental group of some Siegel modular threefolds -- Vassil Kanev [Vasil Kanev], Spectral curves and Prym-Tjurin varieties. I -- Jürg Kramer, On a generalization of the Néron-Tate height on abelian varieties -- D. W. Masser and G. Wüstholz, Refinements of the Tate conjecture for abelian varieties -- Frans Oort, Complete subvarieties of moduli spaces -- Gian Pietro Pirola, Abel-Jacobi invariant and curves on generic abelian varieties -- Bernhard Runge, The Schottky ideal -- Peter Swinnerton-Dyer [H. P. F. Swinnerton-Dyer], Rational points on certain intersections of two quadrics -- Yung-Sheng Tai, On the Kodaira dimension of moduli spaces of abelian varieties with non-principal polarizations -- Francesca Tovena, Abelian surfaces with a polarization of type (1,4) -- Steven H. Weintraub, Symmetries of a moduli space of abelian surfaces. 
510 4 |a MR,  |c 96a:14002 
020 |a 3110144115 
700 1 |a Barth, Wolf.  |4 edt 
700 1 |a Hulek, Klaus.  |4 edt 
700 1 |a Lange, H.  |q (Herbert),  |d 1943-  |4 edt 
650 0 |a Abelian varieties  |x Congresses. 
084 |a 14-06 (14Kxx)  |2 msc2000 
010 |a  94047103  
040 |a DLC  |c DLC  |d DLC 
859 |h 14  |i Ab141  |p A-7188  |b BIB. MATEMATICA